00867nam a22002417a 4500003000400000005001700004007000400021008004100025010002000066024001100086035002000097040001300117245008400130260002000214300005600234440002000290500006200310538003200372538015800404650001900562700002600581700001800607dpl20100322150940.0DVD050907s2005 cau105 g 00| 0 eng d aDVD-007184-7192 c199.00 aDVD-007184-7192 aDPLcDPL aGandhih[videorecording] DVD /cDiskovery Video & laser Co. Pvt. Ltd. Presents bDiskovery Video a3 videocassette (VCD);bsd., col. ;c4-3/4 in.fVCD aDiskovery Video a8 Academy Awards Winner including the Best Picture "1982" aDolby digital 5.1, English  aThis is a Videio CD with digital audio, full Motion video and Play Back Controls Suitable for Video CD, LD, DVD Player and Multimedia PCs with MPEG card. aMotion Picture aAttenborough, Richard aKingsley, Ben